Central Library OPAC University of Rajshahi

The arithmetic of computers : (Record no. 50512)

MARC details
000 -LEADER
fixed length control field 00861nam a2200265 a 4500
001 - CONTROL NUMBER
control field 50512
003 - CONTROL NUMBER IDENTIFIER
rucl marc code BD-RjUL
005 - DATE AND TIME OF LATEST TRANSACTION
control field 20211209075524.0
008 - FIXED-LENGTH DATA ELEMENTS--GENERAL INFORMATION
fixed length control field 160827s1960 enk 001 0 eng d
035 ## - SYSTEM CONTROL NUMBER
System control number (BD-RjUL) 50632
-- OCLC ocm09417128 from D970808M
040 ## - CATALOGING SOURCE
Original cataloging agency COD
Transcribing agency COD
Modifying agency OCL
-- COD
-- UKM
-- EQO
-- BD-RjUL
Language of cataloging eng
041 ## - LANGUAGE CODE
Language code of text/sound track or separate title eng
082 04 - DEWEY DECIMAL CLASSIFICATION NUMBER
Edition number 23
Classification number 513.5
Author mark and year CRA 1960
100 1# - MAIN ENTRY--PERSONAL NAME
Personal name Crowder, Norman A.
9 (RLIN) 20000
245 14 - TITLE STATEMENT
Title The arithmetic of computers :
Remainder of title an introduction to binary and octal mathematics /
Statement of responsibility, etc. Norman A. Crowder
260 ## - PUBLICATION, DISTRIBUTION, ETC. (IMPRINT)
Place of publication, distribution, etc. London :
Name of publisher, distributor, etc. English Universites Press,
Date of publication, distribution, etc. c1960
300 ## - PHYSICAL DESCRIPTION
Pagination vii, 472 p. ;
Size 21 cm.
490 1# - SERIES STATEMENT
Series statement A Tutortext
500 ## - GENERAL NOTE
General note Includes index.
650 #0 - SUBJECT ADDED ENTRY--TOPICAL TERM
Topical term or geographic name as entry element Mathematics
Form subdivision Problems, exercises, etc.
9 (RLIN) 19264
Topical term or geographic name as entry element Numeration.
9 (RLIN) 20001
Topical term or geographic name as entry element Computers.
9 (RLIN) 20002
830 #0 - SERIES ADDED ENTRY--UNIFORM TITLE
Uniform title A Tutortext
942 ## - ADDED ENTRY ELEMENTS (KOHA)
Source of classification or shelving scheme Dewey Decimal Classification
Koha item type Books
Holdings
Lost status Source of classification or shelving scheme Damaged status Not for loan Collection code Permanent Location Current Location Shelving location Date acquired Source of acquisition Cost, normal purchase price Total Checkouts Full call number Date last seen Copy number Koha item type
  Dewey Decimal Classification     Non-fiction Central Library, University of Rajshahi Central Library, University of Rajshahi   24/06/1963 Zeitlinger 40.00   513.5 CRA 1960 27/08/2016 C-2 Books
  Dewey Decimal Classification     Non-fiction Central Library, University of Rajshahi Central Library, University of Rajshahi   01/11/1962 Zeitlinger 35.00   513.5 CRA 1960 27/09/2016 C-3 Books